000 00511 a2200121 4500
001 ART_23452
005 20260410161918.0
008 260409a
245 1 0 _aExtensible business reporting language (XBRL) como facilitador tecnológico para la difusión de información financiera
100 1 _aBenítez Nuñez, Dorelly
700 1 _aBenítez Pineda, Lina Paola
773 0 _tDocumentos de trabajo de contabilidad, auditoría y responsabilidad social
_g- Año 3, Nº 5 (jun. 2013)
_wREV14385
999 _c27456
_d27456